Hydraulic Machines. Fundamentals of Hydraulic Power Systems

Bibliografiske detaljer
Hovedforfatter: Kumar P.
Summary:Basic Hydraulics is extensively used in various applications in industry, construction, mining and marine engineering. The subject is part of graduate level engineering courses in mechanical, civil, mining and marine engineering studies, worldwide. This book includes those fundamentals of fluid transmission of power necessary at graduate mechanical engineering, civil engineering, mining engineering and marine engineering courses of any university.
Sprog:engelsk
Udgivet: Hyderabad, Taylor & Francis, 2012
Fag:
Format: Bog
KOHA link:https://koha.lib.tpu.ru/cgi-bin/koha/opac-detail.pl?biblionumber=255267

MARC

LEADER 00000nam0a2200000 4500
001 255267
005 20231101233017.0
010 |a 9780415661935 
035 |a (RuTPU)RU\TPU\book\277772 
090 |a 255267 
100 |a 20140327d2012 k y0engy50 ba 
101 0 |a eng 
102 |a IN 
105 |a a z 001zy 
200 1 |a Hydraulic Machines. Fundamentals of Hydraulic Power Systems  |f P. Kumar 
210 |a Hyderabad  |c Taylor & Francis  |c CRC Press  |d 2012 
215 |a 361 p.  |c il. 
320 |a Bibliography: p. 345-349. 
320 |a Index: p. 351-361. 
330 |a Basic Hydraulics is extensively used in various applications in industry, construction, mining and marine engineering. The subject is part of graduate level engineering courses in mechanical, civil, mining and marine engineering studies, worldwide. This book includes those fundamentals of fluid transmission of power necessary at graduate mechanical engineering, civil engineering, mining engineering and marine engineering courses of any university. 
606 1 |a Гидравлические машины  |2 stltpush  |3 (RuTPU)RU\TPU\subj\6480  |9 34359 
610 1 |a гидравлические системы 
610 1 |a гидравлика 
610 1 |a промышленная гидравлика 
610 1 |a горная гидравлика 
610 1 |a английский язык 
675 |a 621.22  |v 3 
700 1 |a Kumar  |b P. 
801 1 |a RU  |b 63413507  |c 20140327 
801 2 |a RU  |b 63413507  |c 20160427  |g RCR 
942 |c BK 
959 |a 44/20140311  |d 1  |e 0  |f ЧЗИЛ:1